Orientación económica de la Agricultura Argentina (Registro nro. 6538)
[ vista simple ]
| 000 -LEADER | |
|---|---|
| fixed length control field | 01923 a2200193 4500 |
| 001 - CONTROL NUMBER | |
| control field | 58980 |
| 005 - DATE AND TIME OF LATEST TRANSACTION | |
| control field | 20260407155844.0 |
| 008 - FIXED-LENGTH DATA ELEMENTS--GENERAL INFORMATION | |
| fixed length control field | 260407a1946 arg spa d |
| 003 - CONTROL NUMBER IDENTIFIER | |
| control field | AR-UNSa-BCEJYS |
| 040 ## - CATALOGING SOURCE | |
| Original cataloging agency | AR-UNSa-BCEJYS |
| Language of cataloging | spa |
| Transcribing agency | AR-UNSa-BCEJYS |
| 080 ## - UNIVERSAL DECIMAL CLASSIFICATION NUMBER | |
| Universal Decimal Classification number | 338.45:631(82) |
| Common auxiliary subdivision | Industrias Agrícolas Argentinas |
| 100 1# - MAIN ENTRY--PERSONAL NAME | |
| Personal name | Tenembaum, Juan L. |
| 245 10 - TITLE STATEMENT | |
| Title | Orientación económica de la Agricultura Argentina |
| 264 #1 - PRODUCTION, PUBLICATION, DISTRIBUTION, MANUFACTURE, AND COPYRIGHT NOTICE | |
| Place of production, publication, distribution, manufacture | Buenos Aires : |
| Name of producer, publisher, distributor, manufacturer | Losada |
| Date of production, publication, distribution, manufacture, or copyright notice | 1946 |
| 300 ## - PHYSICAL DESCRIPTION | |
| Extent | 250 p. |
| Dimensions | 21 cm. |
| 505 ## - FORMATTED CONTENTS NOTE | |
| Formatted contents note | 1. Panorama general de la evolución agrícola en lo que va del siglo – 2. La agricultura Argentina se ha orientado hacia la especialización – 3. Los sistemas de producción que se han seguido no han sido racionales – 4. La expansión de nuestra cerealicultura se debe a los ganaderos – 5. La ganadería orienta a la Agricultura Argentina – 6. Gravitación económica y social de la orientación ganadera sobre el medio rural – 7. Influencia de la orientación ganadera sobre el régimen de tenencia de la tierra – 8. Los cultivos industriales precursores de una nueva orientación agrícola – 9. Cultivos industriales explotados desde antiguo en el país – 10. Estado actual y perspectiva de los cultivos industriales nuevos – 11. El aprovechamiento de ciertas plantas espontaneas con fines industriales – 12. La intensificación de la horticultura y de la fruticultura – 13. Política forestal – 14. La intensificación de la producción granjera – 15. La colonización suburbana – 16. Las leyes más recientes tienden a estimular la nueva orientación – 17. Posibles proyecciones de orden económico como consecuencia del cambio de orientación – 18. Proyecciones de orden social – 19. Influencia de la cultura sobre la evolución de la cooperación agrícola – 20. Orientación agrícola- ganadera vs ganadera- agrícola |
| 590 ## - LOCAL NOTE (RLIN) | |
| Local note | niveau_biblio:m niveau_hierar:0 |
| 942 ## - ADDED ENTRY ELEMENTS (KOHA) | |
| Koha item type | |
| Withdrawn status | Lost status | Damaged status | Not for loan | Home library | Current library | Shelving location | Date acquired | Total checkouts | Full call number | Barcode | Date last seen | Price effective from | Koha item type |
|---|---|---|---|---|---|---|---|---|---|---|---|---|---|
| Biblioteca Prof. Eusebio Cleto del Rey | Biblioteca Prof. Eusebio Cleto del Rey | 07/04/2026 | 338.45:631(82) T292 | L21565 | 07/04/2026 | 07/04/2026 | Libro | ||||||
| Biblioteca Prof. Eusebio Cleto del Rey | Biblioteca Prof. Eusebio Cleto del Rey | 07/04/2026 | 338.45:631(82) T292 | L21564 | 07/04/2026 | 07/04/2026 | Libro |